00447nam a22001457a 450000500170000000800410001702000150005804100130007308200120008610000130009824500760011126000560018730000330024365000250027620241002071752.0241002b |||||||| |||| 00| 0 eng d a0409005975 aEnglish  a348 SOU lEnglish  aThe South African Encyclopaedia of Forms and Precedents / cC Weinberg  aDurban: bButterworth and Company (Pty) Ltd, c1978 bxxxiii, 208 pages; c26 cm.  aLegal practice bLaw